| 000 | 00941nam a22002531u 4500 | ||
|---|---|---|---|
| 001 | 12154 | ||
| 003 | HDC | ||
| 007 | cr bn --- | ||
| 008 | 210209p2006 my eng | ||
| 040 | _aHDC | ||
| 100 |
_aA. Rosniyana, _eauthor _912573 |
||
| 245 | 0 |
_aQuality evaluation of retailed packed Malaysian milled rice sold in the market / _cby A. Rosniyana, M.A. Hashifah and S.A. Shariffah Norin |
|
| 260 |
_aSerdang : _bMalaysian Agricultural Research and Development Institute (MARDI), _c2006 |
||
| 300 | _a1 page | ||
| 336 |
_atext _2rdacontent |
||
| 337 |
_acomputer _2rdamedia |
||
| 338 |
_aonline resource _2rdacarrier |
||
| 650 |
_aCooking properties _912575 |
||
| 650 |
_aMilled rice _912574 |
||
| 856 | _zRequest full-text at [email protected] | ||
| 942 | _2lcc | ||
| 942 | _cAR | ||
| 942 | _kJART 003015 | ||
| 999 |
_c9477 _d9477 |
||